000 00948nam0a22002891 4500
001 RU\NLR\INFOCOMM_190\5000062711
005 20250613094613.0
035 _a(NLR Aleph) 009267981
090 _a9084142
_c9084142
100 _a20100825d1963 |||y0rusy50 ca
101 0 _aeng
102 _aRU
105 _aa ||||000|y
200 1 _aPeat humic fertilizers
_fS. S. Dragunov
_gInternational peat congress
210 _aL.
_d1963
215 _a19, IV с., 1 отд. л. табл.
_cтабл., график.
_d23 см
309 _aОтпечат. множит. аппаратом
320 _aБиблиогр.: с. 15-18
686 _aС2-330
_2rubbk
700 1 _9z01790
_aDragunov
_bS. S.
_f1898-
_gSergej Savvič
_4070
712 1 2 _aInternational peat congress
_eLeningrad
_f1963
_4570
790 1 _9z01700
_aDragunov
_bS. S.
_4070
801 1 _aRU
_bNLR
_c20100825
801 0 _aRU
_bNLR
_gPSBO
852 _aNLR
_jС31 Г-6/23
942 _cBOOK
980 _aNB